The poetical works of Mathew Arnold
Gespeichert in:
| 1. Verfasser: | |
|---|---|
| Format: | Buch |
| Sprache: | Englisch |
| Veröffentlicht: |
Londres
Oxford University Press
1953
|
| Schriftenreihe: | Oxford Standard Authors
|
| Schlagworte: | |
| Tags: |
Tag hinzufügen
Keine Tags, Fügen Sie den ersten Tag hinzu!
|
MARC
| LEADER | 00000nam a2200000 a 4500 | ||
|---|---|---|---|
| 001 | UCY6764 | ||
| 003 | CL-VaPUC | ||
| 008 | 950602e19530000UK |||||||||||||||||eng|d | ||
| 082 | 0 | 4 | |a 821 |b ARN |2 21 |
| 100 | 0 | |a Arnold, Matthew |e author |9 336820 | |
| 245 | 1 | 4 | |a The poetical works of Mathew Arnold |
| 300 | |a 509 p | ||
| 942 | |c BK | ||
| 945 | |d 19950602 00:00:00 |a rbrito | ||
| 260 | |a Londres |b Oxford University Press |c 1953 | ||
| 650 | 0 | |a Poesías inglesas |9 265094 | |
| 583 | |a last modification |c 19950602 00:00:00 |k Rodrigo Vera | ||
| 490 | 0 | |a Oxford Standard Authors | |
| 999 | |c 234281 |d 234279 | ||
| 952 | |0 0 |1 0 |4 0 |6 821_000000000000000_ARN_1953 |7 0 |8 A |9 240383 |a BIBART |b BIBART |d 2019-11-18 |i 2003082 |o 821 ARN 1953 |p 2003082 |r 2025-03-13 |w 2019-11-18 |y BK |k ART | ||